000 00531nam a2200217 a 4500
003 AR-BaBNM
005 20251128210358.0
008 082120s2002 ||||||||||||||000 | spa||
020 _a84-7153-165-8
040 _cAR-BaBNM
245 0 0 _aVox Harrap's esencial
_bdiccionario inglés-español-español-inglés
250 _a1ª ed.
260 _aBarcelona
_bBiblograf
_c1991
300 _a257 p.
650 4 _aDICCIONARIOS
650 4 _aINGLES
650 4 _aESPAÑOL
655 _aREFERENCIA
942 _cBK
998 _cMAU
999 _c15222
_d15222